British American Business Inc (Record no. 120037)

MARC details
000 -LEADER
fixed length control field 00623cam a2200157 4500
001 - CONTROL NUMBER
control field WS118019
008 - FIXED-LENGTH DATA ELEMENTS--GENERAL INFORMATION
fixed length control field 020517n 000 0 eng u
035 ## - SYSTEM CONTROL NUMBER
System control number (Sirsi) u118019
245 ## - TITLE STATEMENT
Title British American Business Inc
520 ## - SUMMARY, ETC.
Summary, etc. Web site for this leading transatlantic business organisation dedicated to helping its member companies build and expand their businesses. Its mission is to produce practical business benefits.
650 ## - SUBJECT ADDED ENTRY--TOPICAL TERM
Topical term or geographic name entry element USA
650 ## - SUBJECT ADDED ENTRY--TOPICAL TERM
Topical term or geographic name entry element INTERNATIONAL
690 ## - LOCAL SUBJECT ADDED ENTRY--TOPICAL TERM (OCLC, RLIN)
Topical term or geographic name as entry element MANAGEMENT-BUSINESS MANAGEMENT
856 40 - ELECTRONIC LOCATION AND ACCESS
Uniform Resource Identifier <a href="https://www.babinc.org">https://www.babinc.org</a>
Public note View the website free of charge at www.babinc.org...
942 ## - ADDED ENTRY ELEMENTS (KOHA)
Suppress in OPAC 0
Holdings
Withdrawn status Lost status Source of classification or shelving scheme Damaged status Not for loan Home library Current library Shelving location Date acquired Total Checkouts Full call number Barcode Date last seen Copy number Price effective from Koha item type
    Dewey Decimal Classification     Virtual Virtual Online 17/05/2002   WEB SITE 118019-2001 06/08/2019 1 06/08/2019 Online material